000 02668cam a22005534i 4500
003 PE-LiUPU
005 20250731173048.0
008 100428s2010 kyu rb 000 0 eng
020 _a0664224709
020 _a9780664224707
035 _a(Sirsi) i9780664224707
035 _a(OCoLC)505423915
040 _aDLC
_bspa
_cDLC
_dYDX
_dBTCTA
_dYDXCP
_dUKM
_dIHT
_dCDX
_dLML
_dSOR
_dITC
_dUKMGB
_dBDX
_dOCLCF
_dGWDNB
_dCHVBK
_dRCT
_dOCLCQ
_dIOJ
_dPE-LiUPU
_erda
049 _aPRUA
050 0 0 _aBR333.3
_b.J36 2010
082 0 0 _a284.1092
_bJ21
_222
100 1 _aJanz, Denis,
_eautor.
245 1 4 _aThe Westminster handbook to Martin Luther /
_cDenis R. Janz.
246 3 0 _aHandbook to Martin Luther
246 3 0 _aMartin Luther
250 _a1st ed.
264 1 _aLouisville, Kentucky :
_bWestminster John Knox Press,
_c2010.
300 _axvii, 147 páginas ;
_c23 centímetros.
336 _atext
_2rdacontent
337 _aunmediated
_2rdamedia
338 _avolume
_2rdacarrier
490 0 _aThe Westminster handbooks to Christian theology
504 _aBibliogafía : páginas 145-147.
505 0 _aAnfechtung -- Angels -- Apocrypha -- Ascension -- Atonement -- Baptism -- Bible -- Christology -- Church -- Confirmation -- Councils -- Creation -- Creeds -- Death -- Decalogue -- Descent into hell -- Devil -- Divorce -- Eschatology -- Ethics -- Ethics, social/political -- Evil, problem of -- Extreme unction -- Faith -- Free will -- God -- Gospel -- Grace -- Heaven -- Hell -- Holy Spirit -- Islam/Muslims -- Judaism/Jews -- Justification -- Law -- Lord's Supper -- Marriage -- Mary -- Ministerial/pastoral office -- Monasticism -- Nature -- Ordination -- Papacy -- Penance -- Prayer -- Predestination -- Reason -- Resurrection -- Sacraments (general) -- Sexuality -- Sin -- Theology -- Trinity -- Universal priesthood -- Vocation -- War -- Women -- Worship.
526 _aSEG42
526 _aSEG41
526 _aSEG40
526 _aSEG39
526 _aP94
526 _aP87
526 _aP86
526 _aP85
526 _aP77
526 _aP76
526 _aP35
600 1 0 _aLuther, Martin,
_d1483-1546.
910 _adbm
_bebj
_cebj
_d20171228
942 _2ddc
_cBOOK
949 _a284.1092 J21
_wDEWEY
_c1
_i77848
_lCATALOGING
_mBUL
_p17.50
_r0
_sY
_tBOOK
_u2017-12-28
_xPOSGRADO
_PP85
_0DONACION
_o.STAFF. Colección Teología.
994 _aC0
_bPEPRU
596 _a1
999 _a284.1092 J21
_wDEWEY
_c26518
_i77848
_d26518
_f2021-11-11
_g4
_lCCODEBUL1
_mBUL
_p17.50
_q3
_r0
_sY
_tBOOK
_u2017-12-28
_xTEOLOGIA
_PP85
_0DONACION
_o.STAFF. Colección Teología.
980 _81
_gALBERTO SANCHEZ Responsable de Automatización